LIBRARY & INFORMATION CENTRE, KCAET, TAVANUR

ONLINE PUBLIC ACCESS CATALOGUE (OPAC)

Water quality and treatment : Hand book of public water suppliers / (Record no. 9044)

MARC details
000 -LEADER
fixed length control field 00532cam a2200181ua 4500
020 ## - INTERNATIONAL STANDARD BOOK NUMBER
ISBN 07 001539 2
041 ## - LANGUAGE CODE
Language code of text/sound track or separate title eng
082 ## - DEWEY DECIMAL CLASSIFICATION NUMBER
Classification number 628.162
Item number AME/WA
100 ## - MAIN ENTRY--AUTHOR NAME
Personal name American water works as, .
245 ## - TITLE STATEMENT
Title Water quality and treatment : Hand book of public water suppliers /
250 ## - EDITION STATEMENT
Edition statement 3 /
260 ## - PUBLICATION, DISTRIBUTION, ETC. (IMPRINT)
Place of publication New York :
Name of publisher McGraw Hill Book Company ,
Year of publication 1950.
300 ## - PHYSICAL DESCRIPTION
Number of Pages 654 ; .
942 ## - ADDED ENTRY ELEMENTS (KOHA)
Koha item type Books
Holdings
Withdrawn status Lost status Damaged status Home library Current library Date acquired Full call number Accession Number Koha item type
      KAUAET KAUAET 27/03/1987 628.162 16258 Books
free website counter